| 000 | 01192 a2200241 4500 | ||
|---|---|---|---|
| 003 | OSt | ||
| 005 | 20180116192354.0 | ||
| 008 | 120613t xxu||||| |||| 00| 0 eng d | ||
| 020 | _a1429765755 (paperback) | ||
| 020 | _a9781429765756 (paperback) | ||
| 040 | _c0 | ||
| 082 | _a722.954 | ||
| 100 | 1 |
_aHavell, E. B. (Ernest Binfield) _94502 |
|
| 245 | 1 | 4 |
_aThe ancient and medieval architecture of india: : _ba study of indo-aryan civilisation, / _cE. B. (Ernest Binfield) Havell. |
| 260 |
_aLondon : _bJohn Murray, _c1915. |
||
| 300 |
_a230 p . : _bill. ; _c25 cm. |
||
| 520 | _aOriginally published in 1915. This volume from the Cornell University Library's print collections was scanned on an APT BookScan and converted to JPG 2000 format by Kirtas Technologies. All titles scanned cover to cover and pages may include marks, notations and other marginalia present in the original volume. | ||
| 650 | 1 | 0 |
_aAncient architecture _94503 |
| 650 | 1 | 0 |
_aArchitecture, Medieval. _zIndia _94504 |
| 856 | 4 | 0 |
_3Amazon.com _uhttp://www.amazon.com/exec/obidos/ASIN/1429765755/chopaconline-20 |
| 942 |
_aSADA _cBK _k722.954 HAV 2009 _2ddc |
||
| 999 |
_c353066 _d353066 |
||